<?xml version="1.0" encoding="UTF-8"?>
<record
    xmlns:xsi="http://www.w3.org/2001/XMLSchema-instance"
    xsi:schemaLocation="http://www.loc.gov/MARC21/slim http://www.loc.gov/standards/marcxml/schema/MARC21slim.xsd"
    xmlns="http://www.loc.gov/MARC21/slim">

  <leader>00563nam a22001577a 4500</leader>
  <controlfield tag="003">OSt</controlfield>
  <controlfield tag="005">20150920103205.0</controlfield>
  <controlfield tag="008">150920b        xxu||||| |||| 00| 0 eng d</controlfield>
  <datafield tag="040" ind1=" " ind2=" ">
    <subfield code="c">RUA</subfield>
  </datafield>
  <datafield tag="082" ind1=" " ind2=" ">
    <subfield code="a">AGR BUN 2008 B037 Or.1</subfield>
  </datafield>
  <datafield tag="100" ind1=" " ind2=" ">
    <subfield code="9">919</subfield>
    <subfield code="a">BUNRY, RINDA.</subfield>
  </datafield>
  <datafield tag="245" ind1=" " ind2=" ">
    <subfield code="a">weed growth on different soil types in kandal province (&#x179A;&#x17BB;&#x1780;&#x17D2;&#x1781;&#x1787;&#x17B6;&#x178F;&#x17B7;&#x1785;&#x1784;&#x17D2;&#x179A;&#x17C3;&#x178A;&#x17BB;&#x17C7;&#x1791;&#x17C5;&#x179B;&#x17BE;&#x1794;&#x17D2;&#x179A;&#x1797;&#x17C1;&#x1791; &#x178A;&#x17B8;&#x200B;&#x1795;&#x17D2;&#x179F;&#x17C1;&#x1784;&#x17E2; &#x1793;&#x17C5;&#x1781;&#x17C1;&#x178F;&#x17D2;&#x178F;&#x1780;&#x178E;&#x17D2;&#x178F;&#x17B6;&#x179B;)</subfield>
  </datafield>
  <datafield tag="260" ind1=" " ind2=" ">
    <subfield code="a">Phnom Penh</subfield>
    <subfield code="b">RUA</subfield>
    <subfield code="c">2008</subfield>
  </datafield>
  <datafield tag="300" ind1=" " ind2=" ">
    <subfield code="a">40p.</subfield>
    <subfield code="b">ill.</subfield>
    <subfield code="c">29cm.</subfield>
  </datafield>
  <datafield tag="942" ind1=" " ind2=" ">
    <subfield code="2">ddc</subfield>
    <subfield code="c">AGR</subfield>
  </datafield>
  <datafield tag="999" ind1=" " ind2=" ">
    <subfield code="c">885</subfield>
    <subfield code="d">885</subfield>
  </datafield>
  <datafield tag="952" ind1=" " ind2=" ">
    <subfield code="0">0</subfield>
    <subfield code="1">0</subfield>
    <subfield code="2">ddc</subfield>
    <subfield code="4">0</subfield>
    <subfield code="6">AGR_BUN_2008_000000000000000_B037_OR_1</subfield>
    <subfield code="7">0</subfield>
    <subfield code="9">3558</subfield>
    <subfield code="a">LBB</subfield>
    <subfield code="b">LBB</subfield>
    <subfield code="c">B037</subfield>
    <subfield code="d">2015-09-20</subfield>
    <subfield code="l">1</subfield>
    <subfield code="o">AGR BUN 2008 B037 Or.1</subfield>
    <subfield code="p">RUA000206</subfield>
    <subfield code="r">2016-08-12</subfield>
    <subfield code="s">2016-07-25</subfield>
    <subfield code="w">2015-09-20</subfield>
    <subfield code="y">AGR</subfield>
  </datafield>
  <datafield tag="952" ind1=" " ind2=" ">
    <subfield code="0">0</subfield>
    <subfield code="1">0</subfield>
    <subfield code="2">ddc</subfield>
    <subfield code="4">0</subfield>
    <subfield code="6">AGR_BUN_2008_000000000000000_B037_OR_2</subfield>
    <subfield code="7">0</subfield>
    <subfield code="9">3559</subfield>
    <subfield code="a">LBB</subfield>
    <subfield code="b">LBB</subfield>
    <subfield code="c">B037</subfield>
    <subfield code="d">2015-09-20</subfield>
    <subfield code="o">AGR BUN 2008 B037 Or.2</subfield>
    <subfield code="p">RUA000205</subfield>
    <subfield code="r">2015-09-20</subfield>
    <subfield code="w">2015-09-20</subfield>
    <subfield code="y">AGR</subfield>
  </datafield>
  <datafield tag="952" ind1=" " ind2=" ">
    <subfield code="0">0</subfield>
    <subfield code="1">0</subfield>
    <subfield code="2">ddc</subfield>
    <subfield code="4">0</subfield>
    <subfield code="6">AGR_BUN_2008_000000000000000_B037_OR_3</subfield>
    <subfield code="7">0</subfield>
    <subfield code="9">3560</subfield>
    <subfield code="a">LBB</subfield>
    <subfield code="b">LBB</subfield>
    <subfield code="c">B037</subfield>
    <subfield code="d">2015-09-20</subfield>
    <subfield code="o">AGR BUN 2008 B037 Or.3</subfield>
    <subfield code="p">RUA000062</subfield>
    <subfield code="r">2015-09-20</subfield>
    <subfield code="w">2015-09-20</subfield>
    <subfield code="y">AGR</subfield>
  </datafield>
  <datafield tag="952" ind1=" " ind2=" ">
    <subfield code="0">0</subfield>
    <subfield code="1">0</subfield>
    <subfield code="2">ddc</subfield>
    <subfield code="4">0</subfield>
    <subfield code="6">AGR_BUN_2008_000000000000000_B037_OR_4</subfield>
    <subfield code="7">0</subfield>
    <subfield code="9">3561</subfield>
    <subfield code="a">LBB</subfield>
    <subfield code="b">LBB</subfield>
    <subfield code="c">B037</subfield>
    <subfield code="d">2015-09-20</subfield>
    <subfield code="o">AGR BUN 2008 B037 Or.4</subfield>
    <subfield code="p">RUA000070</subfield>
    <subfield code="r">2015-09-20</subfield>
    <subfield code="w">2015-09-20</subfield>
    <subfield code="y">AGR</subfield>
  </datafield>
  <datafield tag="952" ind1=" " ind2=" ">
    <subfield code="0">0</subfield>
    <subfield code="1">0</subfield>
    <subfield code="2">ddc</subfield>
    <subfield code="4">0</subfield>
    <subfield code="6">AGR_BUN_2008_000000000000000_B037_OR_5</subfield>
    <subfield code="7">0</subfield>
    <subfield code="9">3562</subfield>
    <subfield code="a">LBB</subfield>
    <subfield code="b">LBB</subfield>
    <subfield code="c">B037</subfield>
    <subfield code="d">2015-09-20</subfield>
    <subfield code="o">AGR BUN 2008 B037 Or.5</subfield>
    <subfield code="p">RUA000134</subfield>
    <subfield code="r">2015-09-20</subfield>
    <subfield code="w">2015-09-20</subfield>
    <subfield code="y">AGR</subfield>
  </datafield>
  <datafield tag="952" ind1=" " ind2=" ">
    <subfield code="0">0</subfield>
    <subfield code="1">0</subfield>
    <subfield code="2">ddc</subfield>
    <subfield code="4">0</subfield>
    <subfield code="6">AGR_BUN_2008_000000000000000_B037_OR_6</subfield>
    <subfield code="7">0</subfield>
    <subfield code="9">3563</subfield>
    <subfield code="a">LBB</subfield>
    <subfield code="b">LBB</subfield>
    <subfield code="c">B037</subfield>
    <subfield code="d">2015-09-20</subfield>
    <subfield code="o">AGR BUN 2008 B037 Or.6</subfield>
    <subfield code="p">RUA000071</subfield>
    <subfield code="r">2015-09-20</subfield>
    <subfield code="w">2015-09-20</subfield>
    <subfield code="y">AGR</subfield>
  </datafield>
  <datafield tag="952" ind1=" " ind2=" ">
    <subfield code="0">0</subfield>
    <subfield code="1">0</subfield>
    <subfield code="2">ddc</subfield>
    <subfield code="4">0</subfield>
    <subfield code="6">AGR_BUN_2008_000000000000000_B037_OR_7</subfield>
    <subfield code="7">0</subfield>
    <subfield code="9">3564</subfield>
    <subfield code="a">LBB</subfield>
    <subfield code="b">LBB</subfield>
    <subfield code="c">B037</subfield>
    <subfield code="d">2015-09-20</subfield>
    <subfield code="o">AGR BUN 2008 B037 Or.7</subfield>
    <subfield code="p">RUA000142</subfield>
    <subfield code="r">2015-09-20</subfield>
    <subfield code="w">2015-09-20</subfield>
    <subfield code="y">AGR</subfield>
  </datafield>
  <datafield tag="952" ind1=" " ind2=" ">
    <subfield code="0">0</subfield>
    <subfield code="1">0</subfield>
    <subfield code="2">ddc</subfield>
    <subfield code="4">0</subfield>
    <subfield code="6">AGR_BUN_2008_000000000000000_B037_OR_8</subfield>
    <subfield code="7">0</subfield>
    <subfield code="9">3565</subfield>
    <subfield code="a">LBB</subfield>
    <subfield code="b">LBB</subfield>
    <subfield code="c">B037</subfield>
    <subfield code="d">2015-09-20</subfield>
    <subfield code="o">AGR BUN 2008 B037 Or.8</subfield>
    <subfield code="p">RUA000215</subfield>
    <subfield code="r">2015-09-20</subfield>
    <subfield code="w">2015-09-20</subfield>
    <subfield code="y">AGR</subfield>
  </datafield>
  <datafield tag="952" ind1=" " ind2=" ">
    <subfield code="0">0</subfield>
    <subfield code="1">0</subfield>
    <subfield code="2">ddc</subfield>
    <subfield code="4">0</subfield>
    <subfield code="6">AGR_BUN_2008_000000000000000_B037_OR_10</subfield>
    <subfield code="7">0</subfield>
    <subfield code="9">3566</subfield>
    <subfield code="a">LBB</subfield>
    <subfield code="b">LBB</subfield>
    <subfield code="c">B037</subfield>
    <subfield code="d">2015-09-20</subfield>
    <subfield code="o">AGR BUN 2008 B037 Or.10</subfield>
    <subfield code="p">RUA44259</subfield>
    <subfield code="r">2015-09-20</subfield>
    <subfield code="w">2015-09-20</subfield>
    <subfield code="y">AGR</subfield>
  </datafield>
</record>
